00313pam a2200133 a 4500020000500000041000800005082001300013100001700026245003600043250001000079260003300089300001500122653004200137 c aeng a005bSRI aSrinath L.S. aPert and CPMhTextual Documents a1996. aNew Delhi:bEast-West Press. a202 Pages. aComputer programming, programs & data